000 00760nam a2200229Ia 4500
008 130821s2000 enk gr eng
020 _a262201232
040 _aCo-BoUCM
_bspa
041 0 0 _aeng
100 _aTurnovsky, Stephen J.
_976377
245 0 0 _aMethods of Macroeconomic Dynamics
_cStephen J. Turnovsky
250 _a2a. ed.
260 _aLondres (Inglaterra)
_bMIT
_c2000
300 _axvi, 671 páginas
504 _aIncluye índice y bibliografía.
650 0 4 _aEquilibrio social
_914699
650 0 4 _aExpectativas racionales (Teoría económica)
_915426
650 0 4 _aMacroeconomía
_918838
650 0 4 _aMacroeconomía
_vModelos matemáticos
_918838
942 _a7
_e2
_kR
_mT956m
_cLIBRO
_2DEWEY
_h339
999 _c31002
_d31002